| 000 | 01010cam a22002655i 4500 | ||
|---|---|---|---|
| 999 |
_c3701 _d3701 |
||
| 003 | EG-ScBUE | ||
| 005 | 20210120132259.0 | ||
| 008 | 081009s1987 ua g 000 1 ara d | ||
| 017 | _a4696 | ||
| 020 | _a9773162915 | ||
| 040 |
_aEG-ScBUE _bara _erda _cEG-ScBUE _dEG-ScBUE |
||
| 082 | 0 | 4 |
_a892.736 _bم ح ف _222 |
| 100 | 1 |
_aمحفوظ، نجيب، _d1911-2006، _eمؤلف. |
|
| 245 | 1 | 0 |
_aحكاية بلا بداية ولا نهاية / _cنجيب محفوظ، الحائز على جائزة الدولة التقديرية، وجائزة نوبل العالمية للآداب 1988. |
| 250 | _aالطبعة السابعة. | ||
| 264 | 1 |
_aالقاهرة : _bمكتبة مصر، _c[1971] |
|
| 300 |
_a232 صفحة ؛ _c20 سم |
||
| 336 |
_aنص _btxt _2rdacontent |
||
| 337 |
_aبدون وسيط _bn _2rdamedia |
||
| 338 |
_aمجلد _bnc _2rdacarrier |
||
| 650 | 7 |
_aالقصص العربية القصيرة _yقرن 20. _2BUEsh |
|
| 651 | _2BUEsh | ||
| 653 |
_bARALIT _bGGEN _cJanuary2021 |
||
| 942 |
_cBB _2ddc |
||